000
00334nam a2200133Ia 4500
008
240624s9999 xx 000 0 und d
041
_a
eng
082
_a
920 DUT
100
_a
DUTTA ARUP KUMAR
245
_a
BHUPEN HAZARIKA THE ROVING MINSTREL
260
_c
2002
_a
New Delhi
_b
Rupa and Company
300
_a
80 : p.
365
_c
RS
_b
25
999
_c
17566
_d
17566